000
00248nam a22001097a 4500
020
_a
9781481414753
100
_a
John Christopher
245
_a
The City of Gold and Lead
260
_a
New York
_b
Aladdin
_c
2014.
300
_a
249 pgs.
942
_c
BK
999
_c
260770
_d
260769